Alle Berq Songs - Statistiken

Allgemein
  • Dieses Quiz wurde 139 mal gespielt
  • Das Durchschnittsergebnis liegt bei 14 aus 24
Antwortstatistiken
Hint Antwort % Korrekt
2023 Rote Flaggen
95%
2024 Blauer Ballon
86%
2022 Achilles
74%
2022 Echo
74%
2024 PIROUETTEN
74%
2024 Mein Hass tritt dir die Haustür ein
71%
2024 HEIMWEG
68%
2024 SCHLEIERKRAUT
67%
2024 STILL
67%
2024 Alleine
65%
2023 Wenn du weinst
63%
2023 2 Minuten
61%
2023 Tourrettes
61%
2024 Träumen
58%
2024 Vergissmeinnicht
58%
2023 Einmal verliebt (Intro)
56%
2023 Einmal verliebt (Outro)
56%
2023 Drachenfrucht
49%
2024 Licht geht aus
47%
2024 berq (outro)
46%
2024 Im Wind (Interlude)
31%
2023 Wasser in meinem Drink
10%
2025 HEIMWEG - A COLORS SHOW
7%
2023 Rote Flaggen (feat.RTO)
5%
Keine übereinstimmenden Quizze gefunden
Verteilung der Resultate
Anzahl Personen mit jedem Resultat
Perzentil nach korrekt beantworteten Fragen
Ihre Resultats-Entwicklung
Sie haben dieses Quiz noch nicht gespielt